Holiday Quiz

Random Holiday or Christmas Quiz

Christmas Baddies Quiz Stats

 Plays Quiz Updated Dec 13, 2017

Score 0/15 Timer 02:00
7 Plays Today
% Correct
Grinch
91.9%
Ebenezer Scrooge
85.9%
Marv and Harry
83.7%
Hans Gruber
72.9%
Abominable Snow Monster
72%
Mr. Potter
56.3%
Oogie Boogie
53.4%
Burgermeister Meisterburger
48.3%
% Correct
Scut Farkus
48%
Stripe
47.7%
Heat Miser and Snow Miser
46.5%
Albert Mouse
43.7%
Frank Cross
40.1%
Granville Sawyer
34.6%
Professor Hinkle
32.8%

You're not logged in!

Compare scores with friends on all Sporcle quizzes.
OR
Log In

You Might Also Like...

Show Comments

Extras

Top Quizzes Today


Score Distribution

Your Account Isn't Verified!

In order to create a playlist on Sporcle, you need to verify the email address you used during registration. Go to your Sporcle Settings to finish the process.

Report this User

Report this user for behavior that violates our Community Guidelines.

Details: